[Event "TCh-FRA Top 16 Gp A"]
[Site "Montpellier FRA"]
[Date "2006.04.02"]
[Round "7"]
[White "Lepan,M"]
[Black "Wirig,A"]
[Result "0-1"]
[WhiteElo "2201"]
[BlackElo "2410"]

1.Nf3 Nf6 2.d4 e6 3.c4 Bb4+ 4.Nbd2 b6 5.e3 Bb7 6.Bd3 O-O 7.O-O Bxd2 8.Nxd2 d6
9.b3 Nbd7 10.Bb2 Qe7 11.Qc2 h6 12.Rfe1 Rfe8 13.e4 e5 14.d5 a5 15.Nf1 Nc5
16.Ne3 Bc8 17.f3 Bd7 18.Bf1 Reb8 19.a4 g6 20.Nd1 Nh5 21.Nc3 Kh7 22.Nb5 Na6
23.Bc3 Rf8 24.g3 c5 25.dxc6 Bxc6 26.Bb2 Bxb5 27.cxb5 Nc5 28.Bc4 g5 29.Rad1 Rg8
30.Rd2 Rg6 31.Qd1 Ng7 32.Rf2 Rc8 33.Kh1 Nxa4 34.Bxf7 Qxf7 35.bxa4 Rf6 36.Kg2 Rc4
37.Rd2 Qg6 38.h3 Ne6 39.Kh2 Nc5 40.Re3 Nxa4 41.Ba3 Nc5 42.Rd5 h5 43.Bxc5 Rxc5
44.Rxc5 dxc5 45.Rd3 h4 46.Rd7+ Rf7 47.Qd5 hxg3+ 48.Kxg3 Rxd7 49.Qxd7+ Kh6
50.Qe7 a4 51.Qxe5 Qf7 52.Qh8+ Kg6 53.Qa8 Qf4+ 54.Kg2 Qd2+ 55.Kg3 Qe1+ 56.Kg2 Qe2+
57.Kg3 Qe1+ 58.Kg2 Qe2+ 59.Kg3 Qxb5 60.Qg8+ Kf6 61.Qd8+ Kf7 62.e5 Qc6 63.Qh8 Qe6
64.Qh5+ Kg7 65.f4 Qb3+ 66.Kf2 Qb2+ 67.Kf3 Qb3+ 68.Kf2 Qc2+ 69.Ke3 Qc3+ 70.Ke2 Qc4+
71.Ke1 Qxf4 72.Qe8 a3 73.Qe7+ Kg6 74.Qe8+ Kf5 75.Qd7+ Kxe5 76.Qe8+ Kd4 77.Qd8+ Kc3
78.Qxb6 Qc1+  0-1

[Event "Liguilla Absoluta"]
[Site "Lima PER"]
[Date "2006.04.03"]
[Round "4"]
[White "Pacheco,M"]
[Black "Cruz,Cr"]
[Result "1/2-1/2"]
[WhiteElo "2331"]
[BlackElo "2225"]

1.d4 Nf6 2.c4 e6 3.Nf3 Bb4+ 4.Nbd2 O-O 5.e3 d5 6.a3 Be7 7.Bd3 Nbd7 8.O-O c5
9.b3 b6 10.Bb2 Bb7 11.Qe2 Rc8 12.Rfd1 cxd4 13.exd4 Rc7 14.Qe3 Bd6 15.Ne5 Qe7
16.Re1 Rfc8 17.Qh3 Nf8 18.f4 Ng6 19.g3 Qf8 20.Ndf3 dxc4 21.bxc4 Bxe5 22.fxe5 Bxf3
23.exf6 Ba8 24.fxg7 Qxg7 25.Bf1 Qf6 26.Re3 Qg5 27.Rae1  1/2-1/2

[Event "FSIM April"]
[Site "Budapest HUN"]
[Date "2006.04.08"]
[Round "8"]
[White "Solomons,D"]
[Black "Fodor,T jr"]
[Result "1/2-1/2"]
[WhiteElo "2226"]
[BlackElo "2383"]

1.d4 Nf6 2.Nf3 e6 3.c4 Bb4+ 4.Nbd2 b6 5.g3 Bb7 6.Bg2 c5 7.e3 O-O 8.O-O cxd4
9.exd4 Be7 10.b3 d6 11.Bb2 Nbd7 12.Re1 Re8 13.a3 Rc8 14.b4 Rc7 15.Qb3 Qb8
16.Nh4 Bf8 17.Bxb7 Qxb7 18.Re2 a5 19.Ng2 Rb8 20.Ne3 d5 21.cxd5 Nxd5 22.b5 N7f6
23.Nec4 Rbc8 24.Rae1 Qa8 25.Qd3 Ne8 26.Ne5 Nd6 27.Ne4 Nf5 28.Nc6 Nfe7 29.Ne5 Ng6
30.Nc6  1/2-1/2

[Event "44th Doeberl Cup"]
[Site "Canberra AUS"]
[Date "2006.04.14"]
[Round "2"]
[White "Goldenberg,I"]
[Black "Yachou,N"]
[Result "1-0"]
[WhiteElo "2328"]
[BlackElo "2007"]

1.d4 Nf6 2.Nf3 e6 3.c4 Bb4+ 4.Nbd2 b6 5.e3 Bb7 6.Be2 O-O 7.O-O Re8 8.a3 Bf8
9.b4 c5 10.Rb1 Qc7 11.Qc2 d6 12.Bb2 Nbd7 13.Rfe1 Rac8 14.Bd3 Qb8 15.Qb3 Qa8
16.e4 cxd4 17.Bxd4 Red8 18.Rbd1 g6 19.Qb1 Nh5 20.Bf1 e5 21.Ba1 Re8 22.Ng5 Be7
23.Nh3 Rf8 24.Be2 Ng7 25.f3 f5 26.exf5 gxf5 27.Bd3 Rf6 28.Re2 Rcf8 29.Nf1 Bxf3
30.gxf3 Qxf3 31.Ng3 Rg6 32.Rg2 e4 33.Be2 Qe3+ 34.Kh1 Qh6 35.Bxg7 Kxg7 36.Nf4 Qxf4
37.Nh5+  1-0

[Event "Spring NAm IMC"]
[Site "Schaumburg USA"]
[Date "2006.04.20"]
[Round "5"]
[White "Tsyganov,I"]
[Black "Arjun,V"]
[Result "1/2-1/2"]
[WhiteElo "2281"]
[BlackElo "2221"]

1.d4 Nf6 2.Nf3 e6 3.c4 Bb4+ 4.Nbd2 b6 5.g3 Bb7 6.Bg2 O-O 7.O-O Bxd2 8.Qxd2 d6
9.b3 Nbd7 10.Bb2 Qe7 11.Rfd1 Rad8 12.Rac1 c5 13.Qc3 Rc8 14.Qe1 Rfd8 15.Nh4 Bxg2
16.Nxg2 cxd4 17.Rxd4 Nc5 18.Rcd1 d5 19.cxd5 Rxd5 20.Rxd5 Nxd5 21.e4 Nf6 22.f3 Rd8
23.Qe2 Rxd1+ 24.Qxd1 Qd7 25.Qxd7 Nfxd7 26.Ne1 f5 27.exf5 exf5 28.Kf2 Kf7
29.Ke3 g5 30.Nd3 Nxd3  1/2-1/2

[Event "XXIV Open"]
[Site "Metz FRA"]
[Date "2006.04.23"]
[Round "2"]
[White "Bagheri,A"]
[Black "Vaillant,S"]
[Result "1-0"]
[WhiteElo "2513"]
[BlackElo "2034"]

1.d4 e6 2.Nf3 Nf6 3.c4 Bb4+ 4.Nbd2 b6 5.a3 Bxd2+ 6.Bxd2 Bb7 7.Bf4 O-O 8.h3 d5
9.e3 Nbd7 10.Be2 Re8 11.O-O dxc4 12.Bxc4 c5 13.dxc5 Nxc5 14.Qe2 Qe7 15.Ne5 Red8
16.Rfd1 Rxd1+ 17.Rxd1 Rd8 18.f3 Nh5 19.Bh2 Nf6 20.b4 Rxd1+ 21.Qxd1 Ncd7 22.e4 Nxe5
23.Bxe5 Ne8 24.Qa4 Nd6 25.Be2 Nc8 26.Qd1 f6 27.Bb8 a6 28.e5 fxe5 29.Bxe5 Na7
30.Bb2 Nc6 31.Bc4 b5 32.Ba2 Kf7 33.Qd3 Kg8 34.Bb1 g6 35.Ba2 Kf7 36.Qc3 Ke8
37.Qd2 Qd7 38.Qe1 Nd8 39.Qe5 Qf7 40.Bc1 Kd7 41.Bf4 Qf5 42.Qc7+ Ke8 43.Bd6 Qf7
44.Qb8 Qd7 45.Kf2 Bd5 46.Bxd5 exd5 47.Bc7 Ke7 48.Bxd8+ Qxd8 49.Qxd8+ Kxd8
50.f4 Ke7 51.Ke3 h5 52.g4 hxg4 53.hxg4 Ke6 54.Kd4  1-0

[Event "XXIV Open"]
[Site "Metz FRA"]
[Date "2006.04.25"]
[Round "4"]
[White "Bagheri,A"]
[Black "Romieux,S"]
[Result "1-0"]
[WhiteElo "2513"]
[BlackElo "2228"]

1.d4 Nf6 2.c4 e6 3.Nf3 Bb4+ 4.Nbd2 d5 5.a3 Be7 6.g3 O-O 7.Bg2 b6 8.cxd5 exd5
9.O-O Bb7 10.b4 Nbd7 11.Qb3 Ne4 12.a4 Ndf6 13.Ne5 Qd6 14.Nd3 Bc8 15.Nf3 Bg4
16.Bf4 Qe6 17.Rfc1 Bd6 18.b5 h6 19.Bxd6 Qxd6 20.Rc6 Qd8 21.Rc2 a6 22.Rac1 axb5
23.axb5 Ra7 24.Nfe5 Bd7 25.Nb4 Qe8 26.Nxd5 Nxd5 27.Bxe4 Nf6 28.Bc6 Bxc6 29.Nxc6 Rb7
30.f3 Qd7 31.e4 g5 32.e5 Nh7 33.d5  1-0

[Event "Open B"]
[Site "Djakovo CRO"]
[Date "2006.05.03"]
[Round "6"]
[White "Trtanj,T"]
[Black "Sulc,G"]
[Result "1/2-1/2"]
[WhiteElo "2164"]
[BlackElo "2066"]

1.d4 Nf6 2.Nf3 e6 3.c4 Bb4+ 4.Nbd2 Ne4 5.Qc2 f5 6.a3 Bxd2+ 7.Bxd2 Nxd2 8.Nxd2 Qf6
9.e3 b6 10.Bd3 Nc6 11.O-O a5 12.Rad1 Bb7 13.Nf3 O-O 14.e4 Nxd4 15.Nxd4 Qxd4
16.exf5 Bxg2 17.Kxg2 Qg4+ 18.Kh1 Qf3+ 19.Kg1  1/2-1/2

[Event "IV Regina Helena Marques Prol"]
[Site "Santos BRA"]
[Date "2006.05.07"]
[Round "11"]
[White "Cavalcanti,F"]
[Black "Sega,C"]
[Result "1/2-1/2"]
[WhiteElo "2297"]
[BlackElo "2286"]

1.d4 Nf6 2.c4 e6 3.Nf3 Bb4+ 4.Nbd2 b6 5.e3 Bb7 6.Be2 O-O 7.a3 Bxd2+ 8.Qxd2 d6
9.O-O Nbd7 10.b4 Ne4 11.Qc2 f5 12.Ne1 Rf6 13.f3 Ng5 14.e4 f4 15.Nd3 e5 16.Bb2 Nf7
17.dxe5 dxe5 18.Rfd1 Qe7 19.Qc3 Re8 20.Rd2 Nf8 21.Rad1  1/2-1/2

[Event "Open"]
[Site "Chicago USA"]
[Date "2006.05.28"]
[Round "5"]
[White "Izoria,Z"]
[Black "Brooks,M"]
[Result "1-0"]
[WhiteElo "2647"]
[BlackElo "2490"]

1.d4 Nf6 2.c4 e6 3.Nf3 Bb4+ 4.Nbd2 b6 5.a3 Bxd2+ 6.Qxd2 Bb7 7.e3 d6 8.Be2 Nbd7
9.O-O Qe7 10.b4 O-O 11.Bb2 Rfd8 12.Rad1 a5 13.b5 e5 14.Qc2 e4 15.Nd2 Nf8
16.d5 N8d7 17.Nb3 Bc8 18.Nd4 Ne5 19.Kh1 Bd7 20.f4 Neg4 21.Qd2 Nh5 22.Qe1 Nhf6
23.Bxg4 Nxg4 24.h3 Nh6 25.f5 f6 26.Ne6 Bxe6 27.fxe6 f5 28.Rf4 Rf8 29.Qg3 Rae8
30.Rdf1 Rc8 31.Rh4 f4 32.Rhxf4 Rxf4 33.Qxf4 Rf8 34.Qxf8+ Qxf8 35.Rxf8+ Kxf8
36.g4 Ng8 37.Kg2 g5 38.Kg3 Ke7 39.h4 h6 40.h5  1-0

[Event "21st Schachtage"]
[Site "Hassloch GER"]
[Date "2006.06.03"]
[Round "2"]
[White "Postojev,A"]
[Black "Mandery,M"]
[Result "1-0"]
[WhiteElo "2261"]
[BlackElo "2137"]

1.d4 e6 2.c4 Nf6 3.Nf3 Bb4+ 4.Nbd2 b6 5.g3 Bb7 6.Bg2 Qe7 7.O-O Bxd2 8.Bxd2 d6
9.Bg5 Nbd7 10.d5 h6 11.dxe6 fxe6 12.Bc1 O-O 13.b3 a5 14.Bb2 Nc5 15.Qc2 Be4
16.Qc3 Qf7 17.h3 Rae8 18.Qe3 e5 19.Rfd1 Qh5 20.Bc1 g5 21.Nh2 Rf7 22.Bd2 Ref8
23.Be1 Bxg2 24.Kxg2 Ne6 25.Qf3 Qg6 26.Qd3 e4 27.Qc2 Nf4+ 28.Kf1 Nxh3 29.e3 Nh5
30.f3 Qe6 31.g4 Rxf3+ 32.Nxf3 Qxg4 33.Rd2 Qxf3+ 34.Bf2 Qh1+  1-0

[Event "ch-StP"]
[Site "St Petersburg RUS"]
[Date "2006.06.05"]
[Round "3"]
[White "Alekseev,Evgeny"]
[Black "Loginov,Va"]
[Result "1-0"]
[WhiteElo "2640"]
[BlackElo "2510"]

1.d4 Nf6 2.c4 e6 3.Nf3 Bb4+ 4.Nbd2 b6 5.a3 Bxd2+ 6.Qxd2 Bb7 7.e3 d6 8.Be2 Nbd7
9.O-O O-O 10.b4 Qe7 11.Bb2 c5 12.Rfd1 Ne4 13.Qc2 f5 14.Ne1 Rac8 15.f3 Ng5
16.Qd2 Rc7 17.dxc5 dxc5 18.Qd6 Qxd6 19.Rxd6 Re8 20.Rad1 Re7 21.R6d2 Nf7 22.Nd3 e5
23.Nc1 Nf8 24.Na2 f4 25.exf4 exf4 26.Nc3 Re3 27.Rc2 g5 28.Kf2 Rce7 29.bxc5 bxc5
30.Nd5 Bxd5 31.cxd5 Nd6 32.Bf6 Rf7 33.Bxg5 Re5 34.h4 Nd7 35.a4 Kg7 36.Bb5 Nxb5
37.axb5 h6 38.Bd8 Re3 39.Ra1 Ne5 40.d6 c4 41.Be7 Rb3 42.Re2 Nd3+ 43.Kg1 Nc5
44.Rxa7 c3 45.d7 Rb1+ 46.Kh2 Nxd7 47.Rxd7 Rxb5 48.Rc7 Rb2 49.Re6 Kh7 50.Bd6  1-0

[Event "2nd Goran"]
[Site "Bibinje CRO"]
[Date "2006.06.10"]
[Round "3"]
[White "Saric,A"]
[Black "Groszpeter,A"]
[Result "1/2-1/2"]
[WhiteElo "2474"]
[BlackElo "2518"]

1.d4 Nf6 2.c4 e6 3.Nf3 Bb4+ 4.Nbd2 b6 5.e3 Bb7 6.Bd3 O-O 7.O-O d5 8.a3 Bxd2
9.Qxd2 dxc4 10.Bxc4 Nbd7 11.Qe2 c5 12.dxc5 Nxc5 13.b4 Na4 14.Bd2 Ne4  1/2-1/2

[Event "FSGM June"]
[Site "Budapest HUN"]
[Date "2006.06.10"]
[Round "7"]
[White "Gonda,L"]
[Black "Fodor,T jr"]
[Result "1-0"]
[WhiteElo "2465"]
[BlackElo "2383"]

1.d4 e6 2.Nf3 Nf6 3.c4 Bb4+ 4.Nbd2 b6 5.a3 Be7 6.e4 d5 7.e5 Ne4 8.Bd3 f5
9.exf6 Nxf6 10.O-O O-O 11.b4 a5 12.b5 Bd6 13.Ne5 c5 14.Ndf3 Qc7 15.Qe2 cxd4
16.Bb2 Nbd7 17.Bxd4 Nc5 18.Bc2 Bb7 19.Ng5 Rae8 20.Ng4 Nfe4 21.Nxh7 Rf4 22.g3 Rf5
23.f3 Kxh7 24.cxd5 exd5 25.fxe4 Rxf1+ 26.Rxf1 Rxe4 27.Nf6+ gxf6 28.Rxf6 Kg8
29.Bxe4 Nxe4 30.Qg4+ Kh7 31.Qg6+  1-0

[Event "Masters"]
[Site "Las Vegas USA"]
[Date "2006.06.12"]
[Round "6"]
[White "Sarkar,J"]
[Black "Bick,J"]
[Result "1-0"]
[WhiteElo "2355"]
[BlackElo "2238"]

1.d4 Nf6 2.c4 e6 3.Nf3 Bb4+ 4.Nbd2 b6 5.e3 Bb7 6.Bd3 O-O 7.O-O d5 8.Qc2 Re8
9.a3 Bxd2 10.Bxd2 dxc4 11.Bxc4 Bxf3 12.gxf3 e5 13.dxe5 Rxe5 14.f4 Ng4 15.fxe5 Qh4
16.Kg2 Nc6 17.h3 Qg5 18.Kf3 Ngxe5+ 19.Ke2 Qg2 20.Rg1 Qf3+ 21.Ke1 Qxh3 22.Bd5 Nf3+
23.Bxf3 Qxf3 24.Bc3 f6 25.Qd1 Qe4 26.Bxf6 g6 27.Qd7 Kf8 28.Qg7+  1-0

[Event "Masters"]
[Site "Las Vegas USA"]
[Date "2006.06.13"]
[Round "7"]
[White "Almeida Saenz,A"]
[Black "Hess,Ro"]
[Result "1-0"]
[WhiteElo "2400"]
[BlackElo "2354"]

1.d4 Nf6 2.Nf3 e6 3.c4 Bb4+ 4.Nbd2 d5 5.a3 Bd6 6.Qc2 c6 7.e4 dxe4 8.Nxe4 Nxe4
9.Qxe4 Nd7 10.Bd3 Nf6 11.Qe2 Qc7 12.Bd2 b6 13.c5 bxc5 14.dxc5 Bxc5 15.Rc1 Nd7
16.O-O Be7 17.Rfe1 O-O 18.Nd4 Nc5 19.Bb1 e5 20.Nf3 Ba6 21.Qe3 Nd7 22.Bc3 Bc5
23.Qg5 g6 24.Nxe5 Qd8 25.Qh6 Nxe5 26.Rxe5 Bd4 27.Rh5  1-0

[Event "National Open"]
[Site "Las Vegas USA"]
[Date "2006.06.17"]
[Round "4"]
[White "Almeida Saenz,A"]
[Black "Furman,L2"]
[Result "1-0"]
[WhiteElo "2400"]
[BlackElo "2141"]

1.d4 Nf6 2.Nf3 e6 3.c4 Bb4+ 4.Nbd2 c5 5.e3 O-O 6.Bd3 Nc6 7.O-O d5 8.a3 Bxd2
9.Bxd2 cxd4 10.exd4 dxc4 11.Bxc4 Nd5 12.Rc1 Qd6 13.Ba2 b6 14.Bb1 Bb7 15.Qc2 f5
16.b4 a6 17.Rfe1 Rf6 18.Ba2 Rg6 19.Qd3 Rd8 20.Kf1 Nb8 21.h4 h6 22.g3 Nd7
23.Ne5 Rf6 24.Nc4 Qb8 25.f4 Re8 26.Re2 Rf7 27.Rce1 Rfe7 28.Ne3 Qd6 29.b5 a5
30.Nc4 Qb8 31.Kg1 Ba8 32.Kh2 N7f6 33.Ne5 Rc7 34.Kh3 h5 35.Bb3 Ne4 36.Rxe4 fxe4
37.Qxe4 Nf6 38.Qg6 Qc8 39.Nc6 Qd7 40.f5 Rxc6 41.bxc6 Qxc6 42.d5 Qb5 43.Bh6 Re7
44.Rc1 Bxd5 45.Bxg7  1-0

[Event "IM"]
[Site "Balatonlelle HUN"]
[Date "2006.06.19"]
[Round "3"]
[White "Kaufman,R"]
[Black "Brueggemann,Jo"]
[Result "1-0"]
[WhiteElo "2230"]
[BlackElo "2382"]

1.d4 Nf6 2.c4 e6 3.Nf3 Bb4+ 4.Nbd2 O-O 5.a3 Bxd2+ 6.Qxd2 d6 7.b4 Qe7 8.Bb2 Nbd7
9.e3 e5 10.dxe5 dxe5 11.Be2 Re8 12.O-O c5 13.Rfd1 e4 14.Ng5 h6 15.Nh3 Ne5
16.Nf4 Bg4 17.Bxg4 Nfxg4 18.Nd5 Qg5 19.Bxe5 Qxe5 20.Nf4 Rac8 21.Qd7 Nf6 22.Qxb7 g5
23.Nd5 Ng4 24.h3 Qh2+ 25.Kf1 Rb8 26.Qd7 Ne5 27.Nf6+ Kf8 28.Qd6+ Kg7 29.Nh5+ Kh7
30.Nf6+ Kg7 31.Nh5+ Kh7 32.Qf6 Rg8 33.Ng3 Rbe8 34.Rd5 Rg6 35.Qf5 f6 36.Rad1 Re7
37.Rxe5 fxe5 38.Rd6 Rg7 39.Nh5 Qh1+ 40.Ke2 Qxg2  1-0

[Event "Open"]
[Site "Marseille FRA"]
[Date "2006.07.01"]
[Round "2"]
[White "Dziuba,M"]
[Black "Plantet,S"]
[Result "1-0"]
[WhiteElo "2502"]
[BlackElo "2343"]

1.d4 Nf6 2.c4 e6 3.Nf3 Bb4+ 4.Nbd2 b6 5.a3 Bxd2+ 6.Qxd2 Bb7 7.g3 O-O 8.Bg2 Be4
9.O-O d6 10.b4 c6 11.Qc3 Qe7 12.Re1 Nbd7 13.Bf1 c5 14.dxc5 bxc5 15.Nd2 d5
16.Bb2 d4 17.Qb3 Bb7 18.e3 dxe3 19.Qxe3 Rfd8 20.b5 Rac8 21.a4 h6 22.Nb3 Ba8
23.Na5 Ng4 24.Qf4 Qg5 25.Qxg5 hxg5 26.h3 Ngf6 27.Bg2 Bxg2 28.Kxg2 Nb6 29.Nc6 Rd7
30.Rec1 Rcc7 31.Be5 Rb7 32.Na5  1-0

[Event "FINEC Rector Cup"]
[Site "St Petersburg RUS"]
[Date "2006.07.04"]
[Round "9"]
[White "Vitiugov,N"]
[Black "Trushelyov,V"]
[Result "1-0"]
[WhiteElo "2550"]
[BlackElo "2358"]

1.d4 Nf6 2.c4 e6 3.Nf3 Bb4+ 4.Nbd2 b6 5.a3 Bxd2+ 6.Qxd2 Bb7 7.e3 d6 8.Be2 Ne4
9.Qc2 Nd7 10.O-O O-O 11.b4 f5 12.d5 e5 13.Ne1 Qh4 14.f3 Ng5 15.f4 Ne4 16.Nf3 Qe7
17.Bd3 b5 18.cxb5 Bxd5 19.Bb2 Rac8 20.Rac1 c5 21.bxc6 Rxc6 22.Qe2 Rfc8 23.Rxc6 Rxc6
24.Rd1 Bb3 25.Rc1 Rxc1+ 26.Bxc1 Bd5 27.Bb2 exf4 28.exf4 Nb6 29.Qe3 Be6 30.Bxe4 Nc4
31.Qd4 fxe4 32.Qxe4 d5 33.Qe2 Qd7 34.Ne5 Nxe5 35.Qxe5 Bf5 36.Bd4 a6 37.a4 Bd3
38.h3 h6 39.Kh2 Kh7 40.g4 Qf7 41.f5 h5 42.Kg3 hxg4 43.hxg4 Qd7 44.Kf4  1-0

[Event "35th TCh-GRE"]
[Site "Ermioni GRE"]
[Date "2006.07.05"]
[Round "3"]
[White "Papadopoulos,Ge2"]
[Black "Pavlidis,Ant"]
[Result "0-1"]
[WhiteElo "1857"]
[BlackElo "2101"]

1.d4 Nf6 2.c4 e6 3.Nf3 Bb4+ 4.Nbd2 O-O 5.a3 Bxd2+ 6.Bxd2 b6 7.Bf4 Bb7 8.e3 d6
9.Bd3 Nbd7 10.O-O Qe7 11.Bg3 e5 12.dxe5 dxe5 13.Bf5 Rad8 14.Qe2 e4 15.Nd4 Ne5
16.Bxe5 Qxe5 17.Bh3 c5 18.Nb5 a6 19.Nc3 Rd3 20.Rfd1 Rfd8 21.Rac1 Bc6 22.a4 Qd6
23.Rxd3 exd3 24.Qd2 Bb7 25.f3 Qe5 26.Rd1 Qh5 27.Nd5 Bxd5 28.Qxd3 Qe5 29.cxd5 Rxd5
30.Qe2 Rxd1+ 31.Qxd1 Qxe3+ 32.Kf1 g6 33.Qd8+ Kg7 34.Qd1 Qe5 35.Qe2  0-1

[Event "Open"]
[Site "Marseille FRA"]
[Date "2006.07.06"]
[Round "8"]
[White "Williams,Si"]
[Black "Hanley,C"]
[Result "1/2-1/2"]
[WhiteElo "2478"]
[BlackElo "2418"]

1.d4 Nf6 2.c4 e6 3.Nf3 Bb4+ 4.Nbd2 b6 5.a3 Bxd2+ 6.Bxd2 h6 7.e3 Ne4 8.Bd3 Bb7
9.O-O O-O 10.Bb4 d6 11.Nd2 Nxd2 12.Bxd2 c5 13.Qe2 Nd7 14.Bc3 Rc8 15.dxc5 Nxc5
16.Bc2 Be4 17.Rac1 Qg5 18.f3 Bxc2 19.Rxc2 Rc6 20.Rd1 Rfc8 21.Be1 Nb7 22.Rdc1 Qf5
23.e4 Qg5 24.Bf2  1/2-1/2

[Event "35th TCh-GRE"]
[Site "Ermioni GRE"]
[Date "2006.07.10"]
[Round "9"]
[White "Papadopoulos,N"]
[Black "Mouratidis,G"]
[Result "1-0"]
[WhiteElo "2152"]
[BlackElo "2013"]

1.d4 Nf6 2.Nf3 e6 3.c4 Bb4+ 4.Nbd2 b6 5.g3 Bb7 6.Bg2 O-O 7.O-O Qc8 8.a3 Be7
9.b3 Ne4 10.Bb2 d6 11.d5 Bf6 12.Nxe4 Bxb2 13.Ra2 exd5 14.cxd5 Be5 15.Nxe5 dxe5
16.Rc2 Qd7 17.Qc1 Na6 18.b4 Rac8 19.Rd1 Rfd8 20.Rd3 Qe7 21.Bh3 Rb8 22.Qd2 Bc8
23.Bxc8 Rbxc8 24.Qc1 Qd7 25.Qg5 Qa4 26.Rc6 Rxd5 27.Rxd5  1-0

[Event "Open"]
[Site "Kavala GRE"]
[Date "2006.07.11"]
[Round "9"]
[White "Saric,A"]
[Black "Shavtvaladze,N"]
[Result "1/2-1/2"]
[WhiteElo "2475"]
[BlackElo "2383"]

1.d4 Nf6 2.c4 e6 3.Nf3 Bb4+ 4.Nbd2 d6 5.g3 Nbd7 6.Bg2 e5 7.a3 Bxd2+ 8.Qxd2 O-O
9.Qc2 Re8 10.O-O e4 11.Nd2 Qe7 12.e3 c6 13.b4 d5 14.b5 cxb5 15.cxb5 Nb6 16.a4 Be6
17.Ba3 Qd7 18.a5 Nc4 19.Nxc4 dxc4 20.b6 Bd5 21.bxa7 Rxa7 22.Bc5 Ra6 23.Rfb1 Rea8
24.Qc3 Qc6 25.Bf1 Nd7 26.Bb4 b6 27.axb6 Rxa1 28.Rxa1 Nxb6 29.Rxa8+ Nxa8 30.Bc5 Qa4
31.Qb4 Qxb4 32.Bxb4 Nc7 33.Ba5 Nb5 34.Be2 f5 35.Kf1 Kf7 36.Ke1 Ke6 37.g4 f4
38.Kd2 f3 39.Bf1 Kd7 40.g5 Be6 41.Bc3  1/2-1/2

[Event "6th TCh-Euro u18"]
[Site "Balatonlelle HUN"]
[Date "2006.07.13"]
[Round "2"]
[White "Gonda,L"]
[Black "Bindrich,F"]
[Result "1-0"]
[WhiteElo "2447"]
[BlackElo "2486"]

1.d4 Nf6 2.c4 e6 3.Nf3 Bb4+ 4.Nbd2 b6 5.a3 Bxd2+ 6.Qxd2 Bb7 7.e3 O-O 8.Be2 d6
9.b4 Nbd7 10.Bb2 Ne4 11.Qc2 f5 12.O-O Rf6 13.d5 Rg6 14.Rad1 Qe7 15.Nd4 Nf8
16.Bd3 exd5 17.Nxf5 Qg5 18.f3 Qxf5 19.fxe4 Qh5 20.exd5 Rh6 21.h3 Ng6 22.Rf5 Qh4
23.Rdf1 Rf8 24.Rxf8+ Nxf8 25.Bf5 Qe7 26.e4 Qe8 27.Qc3 Rf6 28.Qg3 Rf7 29.Qg4 a6
30.Rf3 b5 31.Be6 Nxe6 32.dxe6  1-0

[Event "Open A"]
[Site "Oberwart AUT"]
[Date "2006.07.13"]
[Round "6"]
[White "Erdos,V"]
[Black "Wohl,A"]
[Result "1-0"]
[WhiteElo "2528"]
[BlackElo "2428"]

1.d4 Nf6 2.c4 e6 3.Nf3 Bb4+ 4.Nbd2 O-O 5.a3 Bxd2+ 6.Qxd2 b6 7.e3 Bb7 8.Be2 d6
9.O-O Nbd7 10.b4 c5 11.Bb2 Qe7 12.Rfd1 Ne4 13.Qd3 Rad8 14.Nd2 f5 15.dxc5 Ne5
16.Bxe5 dxe5 17.Qc2 Nxd2 18.Rxd2 Qg5 19.Bf1 f4 20.exf4 exf4 21.Rxd8 Rxd8
22.Rd1 Rf8 23.Qd2 bxc5 24.Qd7 Bxg2 25.Qxe6+ Rf7 26.Qe8+ Rf8 27.Qe6+ Rf7 28.Bxg2 f3
29.Qh3 fxg2 30.Qxg2 Qh4 31.Qd5 h6 32.Qxc5 Qh3 33.Qe3 Qh4 34.c5 Qc4 35.Rd8+ Rf8
36.Rxf8+ Kxf8 37.Qf3+ Kg8 38.Kg2 Qe6 39.Qd3 Qg4+ 40.Kf1 Qg5 41.Qc4+  1-0

[Event "Czech Open A"]
[Site "Pardubice CZE"]
[Date "2006.07.24"]
[Round "4"]
[White "Gromova,I"]
[Black "Kutsankov,V"]
[Result "1-0"]
[WhiteElo "2210"]
[BlackElo "2366"]

1.d4 Nf6 2.c4 e6 3.Nf3 Bb4+ 4.Nbd2 O-O 5.g3 b6 6.Bg2 Bb7 7.O-O Re8 8.a3 Bxd2
9.Bxd2 Be4 10.Bf4 d6 11.Bh3 Nbd7 12.Nd2 Bb7 13.Qc2 e5 14.dxe5 Nxe5 15.Bg5 h6
16.Bxf6 Qxf6 17.Qf5 Qe7 18.Bg2 Bxg2 19.Kxg2 a5 20.b4 axb4 21.axb4 Rxa1 22.Rxa1 Nc6
23.Nf3 Nxb4 24.Qb5 Nc2 25.Ra2 Qxe2 26.Rxc2 Qe4 27.Rc3 Re5 28.Qd7 Rc5 29.Re3 Qxc4
30.Re1 g5 31.Qd8+ Kg7 32.Re8 Qc3 33.Rh8 Kg6 34.Qf8 Qc4 35.Qxh6+ Kf5 36.Qxg5+ Ke6
37.Re8+ Kd7 38.Qd8+ Kc6 39.Qa8+ Kb5 40.Re4  1-0

[Event "Czech Open B1"]
[Site "Pardubice CZE"]
[Date "2006.07.25"]
[Round "5"]
[White "Dushenok,A"]
[Black "Warakomska,A"]
[Result "1-0"]
[WhiteElo "2190"]
[BlackElo "1975"]

1.d4 Nf6 2.c4 e6 3.Nf3 Bb4+ 4.Nbd2 b6 5.a3 Bxd2+ 6.Bxd2 Bb7 7.Bg5 d6 8.e3 Nbd7
9.Bd3 O-O 10.O-O h6 11.Bh4 c5 12.b4 Rc8 13.Rc1 Qe7 14.Nd2 Rfd8 15.Qe2 Nf8
16.Nb3 cxb4 17.axb4 Ng6 18.Bxg6 fxg6 19.f3 g5 20.Bg3 Qd7 21.Qa2 a6 22.c5 dxc5
23.bxc5 Bd5 24.e4 Bxb3 25.Qxb3 bxc5 26.dxc5 Nh5 27.Rcd1 Qc6 28.Bd6 Kf7 29.Qb6 Nf4
30.Bc7 Qxb6 31.cxb6  1-0

[Event "Open"]
[Site "Kiel GER"]
[Date "2006.07.27"]
[Round "8"]
[White "Kienitz,A"]
[Black "Kim,O"]
[Result "0-1"]
[WhiteElo "2187"]
[BlackElo "2097"]

1.d4 Nf6 2.c4 e6 3.Nf3 Bb4+ 4.Nbd2 c5 5.a3 Bxd2+ 6.Bxd2 cxd4 7.Nxd4 O-O 8.Bg5 Qa5+
9.Qd2 Qxd2+ 10.Bxd2 Nc6 11.Nb5 Ne4 12.Rd1 a6 13.Nc3 Nxd2 14.Rxd2 Rd8 15.e3 b6
16.Be2 Rb8 17.O-O Kf8 18.Rfd1 Ke7 19.Ne4 Bb7 20.Nd6 f5 21.f4 Na7 22.b4 Nc8
23.Nxb7 Rxb7 24.c5 bxc5 25.Bxa6 Ra7 26.Bb5 cxb4 27.axb4 Nb6 28.g4 Nd5 29.Rxd5 exd5
30.gxf5 Rb7 31.Rxd5 d6 32.Kf2 Rdb8 33.Bd3 Rxb4 34.f6+ gxf6 35.Bxh7 Rb2+ 36.Kf3 Rxh2
37.Bf5 Rg8 38.Ra5 Rd8 39.Ke4 Kf8 40.Ra7 Re8+ 41.Kf3 Rd2 42.Rh7 Kg8 43.Rh6 Rf8
44.Be6+ Kg7 45.Rh1 Rh8 46.Ra1 f5 47.Bxf5 Kf6 48.Bg4 Rhh2 49.Ra6 Rh1 50.e4 Ke7
51.Ra7+ Ke8 52.Ke3 Rg2 53.Bf5 Rg3+ 54.Kd4 Rd1+ 55.Kc4 Rg2 56.e5 dxe5 57.fxe5 Rc1+
58.Kd4 Rd2+ 59.Ke3 Rd5 60.Ke4 Rd2 61.Ra8+ Ke7 62.Ra7+ Kf8 63.e6 Re1+ 64.Kf3 Rd5
65.e7+ Rxe7 66.Rxe7 Kxe7 67.Ke4 Ra5 68.Kf4 Kf6 69.Be4 Ra4 70.Kf3 Ke5 71.Ke3 Rxe4+  0-1

[Event "Czech Open A"]
[Site "Pardubice CZE"]
[Date "2006.07.27"]
[Round "7"]
[White "Gajewski,G"]
[Black "Babula,V"]
[Result "1/2-1/2"]
[WhiteElo "2504"]
[BlackElo "2571"]

1.d4 Nf6 2.c4 e6 3.Nf3 Bb4+ 4.Nbd2 a5 5.g3 d5 6.Bg2 O-O 7.O-O b6 8.a3 Be7
9.b3 Bb7 10.Bb2 Nbd7 11.Ne5 c5 12.cxd5 exd5 13.Ndc4 Nxe5 14.Nxe5 a4 15.dxc5 bxc5
16.bxa4 Qc7 17.Qc2 Bd6 18.Nd3 d4 19.Bxb7 Qxb7 20.e3 Rfc8 21.exd4 cxd4 22.Qd1 Rc4
23.Re1 Rcxa4 24.Nb4 Bxb4 25.axb4 Rxa1 26.Bxa1 Qxb4 27.Bxd4 Rd8 28.Bc3 Rxd1  1/2-1/2

[Event "Czech Open A"]
[Site "Pardubice CZE"]
[Date "2006.07.29"]
[Round "9"]
[White "Chatalbashev,B"]
[Black "Olszewski,Mi"]
[Result "1-0"]
[WhiteElo "2507"]
[BlackElo "2410"]

1.d4 Nf6 2.Nf3 e6 3.c4 Bb4+ 4.Nbd2 b6 5.a3 Bxd2+ 6.Qxd2 Bb7 7.e3 d6 8.Be2 Nbd7
9.O-O O-O 10.b4 Ne4 11.Qc2 f5 12.Bb2 Qe7 13.Rad1 a6 14.d5 e5 15.Bd3 c6 16.Bxe4 fxe4
17.Qxe4 Rac8 18.Qg4 Rf6 19.Nh4 cxd5 20.cxd5 Rc2 21.Ba1 Qf7 22.f4 Rc4 23.Nf3 h6
24.Qh3 b5 25.fxe5 dxe5 26.Bxe5 Rxf3 27.Rxf3 Qe8 28.Ba1  1-0

[Event "ITT"]
[Site "Villa Martelli ARG"]
[Date "2006.07.29"]
[Round "6"]
[White "Guerrero,Alv"]
[Black "Valiente,C"]
[Result "1-0"]
[WhiteElo "2168"]
[BlackElo "2304"]

1.d4 Nf6 2.Nf3 e6 3.c4 Bb4+ 4.Nbd2 b6 5.g3 Bb7 6.Bg2 O-O 7.O-O c5 8.Nb3 cxd4
9.Nbxd4 Be7 10.Nb5 d6 11.Bf4 Ne8 12.Qd2 a6 13.Nc3 Nd7 14.Rac1 Rc8 15.b3 Qc7
16.Rfd1 Qb8 17.Bh3 Bxf3 18.exf3 Ne5 19.Qe2 Ng6 20.Be3 Nc7 21.f4 f5 22.Bd4 Rcd8
23.Na4 b5 24.Nb6 Rf7 25.c5 Bf8 26.cxd6 Bxd6 27.Rc6 Bb4 28.Qc2 Rff8 29.Bg2 Rd6
30.Rxd6 Bxd6 31.Qc6 Rd8 32.Nd7 Qc8 33.Bb6 Nd5 34.Bxd5  1-0

[Event "XLVIII TCh-POR"]
[Site "Evora POR"]
[Date "2006.07.30"]
[Round "9"]
[White "Riazantsev,A"]
[Black "Galego,L"]
[Result "1-0"]
[WhiteElo "2622"]
[BlackElo "2528"]

1.d4 Nf6 2.c4 e6 3.Nf3 Bb4+ 4.Nbd2 d5 5.Qa4+ Nc6 6.a3 Bxd2+ 7.Bxd2 Ne4 8.e3 O-O
9.Rd1 g5 10.Bd3 f5 11.Bb4 Rf7 12.O-O g4 13.Ne5 Nxe5 14.dxe5 Bd7 15.Qc2 Bc6
16.cxd5 Bxd5 17.f3 gxf3 18.gxf3 Rg7+ 19.Kh1 Ng5 20.e4 fxe4 21.Bxe4 c6 22.Rg1 Qe8
23.Bxd5 cxd5 24.Rg3 h6 25.Rdg1 Rc8 26.Qg2 Rc4 27.Bd2 Qf7 28.Bxg5 hxg5 29.Rxg5 Rxg5
30.Qxg5+ Kh7 31.Rg3 Qe8  1-0

[Event "FSIMA August"]
[Site "Budapest HUN"]
[Date "2006.08.10"]
[Round "6"]
[White "Werner,Di"]
[Black "Toth,Li"]
[Result "1-0"]
[WhiteElo "2315"]
[BlackElo "2217"]

1.d4 Nf6 2.c4 e6 3.Nf3 Bb4+ 4.Nbd2 b6 5.e3 Bb7 6.Bd3 O-O 7.O-O d5 8.a3 Bd6
9.b4 dxc4 10.Nxc4 Nbd7 11.Bb2 Qe7 12.Re1 Ne4 13.Rc1 Rac8 14.Nce5 f5 15.Nc6 Bxc6
16.Rxc6 Ndf6 17.h3 Nd5 18.Qc2 Bxb4 19.axb4 Nxb4 20.Ba3 Nxc2 21.Bxe7 Nxe1
22.Nxe1 Rfe8 23.Ba6 Rb8 24.Rxc7 b5 25.Nd3 Nc3 26.Nb4 Nd5 27.Nxd5 exd5 28.Bb4 f4
29.exf4 Re2 30.Bb7 Rb2 31.Bxd5+ Kh8 32.Bd6  1-0